|
|
|
|
| LEADER |
00000cam a2200000 7i4500 |
| 001 |
0000009514 |
| 005 |
20120922.0 |
| 008 |
120922 bme |
| 020 |
|
|
|a 983893447X
|
| 090 |
0 |
0 |
|a F MOH
|
| 100 |
0 |
|
|a Mohd Nazmi Yaakub.
|
| 245 |
0 |
0 |
|a Lambaian Huda
|c Mohd Nazmi Yaakub [
|h [bok]]
|
| 260 |
|
|
|a Kuala Lumpur :
|b Creative Enterprise Sdn.Bhd ,
|c 2001
|
| 300 |
|
|
|a 419p, ;
|c 18cm.
|
| 650 |
0 |
0 |
|a Fiction-Malay
|
| 999 |
|
|
|a 177363
|b Buku
|c Rak Terbuka
|e Perbadanan Perpustakaan Awam Melaka
|
| 999 |
|
|
|a 177366
|b Buku
|c Rak Terbuka
|e Perpustakaan Cawangan Masjid Tanah
|
| 999 |
|
|
|a 236023
|b Buku
|c Rak Terbuka
|e Perbadanan Perpustakaan Awam Melaka
|
| 999 |
|
|
|a 236024
|b Buku
|c Rak Terbuka
|e Perbadanan Perpustakaan Awam Melaka
|
| 999 |
|
|
|a 265256
|b Carta
|c Rak Terbuka
|e Perbadanan Perpustakaan Awam Melaka
|
| 999 |
|
|
|a 265257
|b Buku
|c Rak Terbuka
|e Perbadanan Perpustakaan Awam Melaka
|